000 00432nam a2200133 4500
999 _c13139
_d13139
008 190207b ||||| |||| 00| 0 eng d
082 _aDPer 303.405 H22 June -Sept 2016 v.12 n. 7-10
245 _aAutomaton through the ages
260 _aQuezon City:
_bHardware Zone Phils. Corp.,
_cJune -Sept 2016.
300 _av12 n7, page 13:
_billustrations;
_c28 cm.
650 _aRobots
_928576
650 _aMachine
_936774
942 _2ddc
_cPER